| 000 | 00462cam a2200169ua 4500 | ||
|---|---|---|---|
| 001 | 11266 | ||
| 008 | 190905n ii |||gr||||Z||||||asm | ||
| 040 | _cMAIN | ||
| 082 | _a891.4514 | ||
| 100 |
_aLila Gogoi, _eEditor. |
||
| 245 |
_aAdunik asamiya sahityat parichay _cEdited by Lila Gogoi |
||
| 260 |
_aDibrugarh: _bBanlata, _c2002. |
||
| 300 | _a486p. | ||
| 653 | _aEast Indo-European & Celtic literatures | ||
| 653 | _aModern assamese Literature | ||
| 942 | _cBK | ||
| 999 |
_c10125 _d10125 |
||